000 00700nam a2200217Ii 4500
003 JO-AjNU
008 230605s9999||||xx |||||||||||||| ||und||
017 _a2012/21373
020 _a978-977-6223-49-3
040 _aJO-AjNU
_bara
_erda
_cJO-AjNU
041 _aara
050 1 4 _aJX1954.2013
100 3 _a يوسف، يوسف حسن,
_eauthor
_944401
245 0 0 _aالمنظمات والمنازعات في القانون الدولي
250 _aط1
264 3 1 _aالقاهرة : المركز القومي للاصدارات القانونية ، 2013
300 _a508ص
336 _atext
_btxt
_2rdacontent
337 _aunmediated
_bn
_2rdamedia
338 _avolume
_bnc
_2rdacarrier
999 _aA19169
_c22737
_d22737